名古屋市16区 - Statistics

General Stats
  • This quiz has been taken 178 times
  • The average score is 13 of 16
Answer Stats
Answer % Correct
99%
97%
97%
西
94%
94%
中村
88%
86%
熱田
79%
千種
74%
名東
72%
中川
70%
守山
70%
天白
68%
67%
瑞穂
64%
昭和
55%
No matching quizzes found
Score Distribution
Percent of People with Each Score
Percentile by Number Answered
Your Score History
You have not taken this quiz